LDR 00616nam a2200181 i 4500 001 000000116554 003 CaOOAMICUS 005 20260522165805.0 008 030624s2002 it u000 u ita u 040 $aSeMil$bita 245 10$aVol. 1. 300 $aXXVI, 804 p., [3] c. di tav. :$bill. ;$c22 cm 773 0 $tFriuli Venezia Giulia.$dTorino : Einaudi, 2002.$z88-06-14977-6$w()9578 850 $aSeMil 852 $aSeMil$W1$xVenegono$y1$mSL1.J V 13/1$j272413$B71986$CSeMilBibl$Z2$F75898 $8I 961 $aSottoscrizione: Einaudi (Agente) 996 $6245$aVol. 1$9(OLS)http://semarc/title/13429